| 000 | 01004nam a2200349 a 4500 | ||
|---|---|---|---|
| 001 | vtls000014885 | ||
| 003 | NLI | ||
| 005 | 20210601181523.0 | ||
| 008 | 101125s1973 ii 000 0 eng | ||
| 039 | 9 |
_y201011250115 _zVLOAD |
|
| 040 | 0 |
_aNLI _beng _cVERGIS-2003 |
|
| 041 | 0 | _aeng | |
| 044 | _aii | ||
| 082 | 0 | 4 | _a631.112 |
| 245 | 0 | 0 |
_aCost factors of agriculture/ _cK.N. Singh...[etal.] |
| 260 |
_aBombay: _bNational Institute of Bank Management, _cc1973 |
||
| 300 |
_a[ca. 200 p.]; _c23 cm. |
||
| 650 | 0 |
_aAgriculture _xCosts _951339 |
|
| 650 | 0 |
_aAgriculture _xEconomic aspects |
|
| 650 | 0 |
_aLanduse, Rural _946074 |
|
| 700 | 1 |
_aSingh, K.N., _4aut _951340 |
|
| 710 | 2 |
_aNational Institute of Bank Management _951341 |
|
| 887 | _aSathya | ||
| 901 |
_aDB 25248 _b02/05/1974 |
||
| 902 | _aE 631.112 N 213 | ||
| 903 | _a04/03/04 | ||
| 904 | _aSathya | ||
| 906 | _a013923 | ||
| 949 |
_AVIRTUAITEM _D10000 _F1 _X100 _6DBA000025248ENG _aE 631.112 N213 |
||
| 942 |
_2ddc _cBKS |
||
| 999 |
_c18924 _d18924 |
||